[Event "Power Solutions Arctic Chess NGP 2026"]
[Site "UiT Campus Alta"]
[Date "2026.02.21"]
[Round "6"]
[White "Solbakken, Mikkel D."]
[Black "Hjerpbakk, Terje"]
[Result "1-0"]
[WhiteElo "1934"]
[BlackElo "1684"]
[PlyCount "117"]
[EventDate "2026.??.??"]

1. e4 c5 2. Nf3 g6 3. d4 cxd4 4. Nxd4 Nc6 5. c4 Nf6 6. Nxc6 bxc6 7. Nc3 d6 8.
c5 d5 9. Qa4 d4 10. Nd5 Nxd5 11. Qxc6+ Bd7 12. Qxd5 Ba4 13. Bd2 Rc8 14. Qxd8+
Rxd8 15. Bd3 e5 16. Rc1 Rc8 17. b4 Be7 18. Ke2 O-O 19. f3 Kg7 20. g4 h6 21. h4
Rh8 22. h5 Bg5 23. Ba6 Bxd2 24. Kxd2 Rc7 25. Kd3 Rb8 26. Rb1 Rc6 27. Bc4 a6 28.
a3 g5 29. Rhc1 Rf6 30. Ke2 Kf8 31. Bb3 Bb5+ 32. Kf2 Bc6 33. Bc2 Rd8 34. Rd1 Bd7
35. Ke2 Bb5+ 36. Bd3 Ba4 37. Rdc1 Rb8 38. Bc2 Bb5+ 39. Kf2 Bd7 40. Kg2 Bb5 41.
a4 Be2 42. Bd1 Bxd1 43. Rxd1 Rc6 44. Rdc1 Rbc8 45. Kf2 Ke7 46. Ke2 Ke6 47. Kd3
Kd7 48. Kc4 Rf6 49. Rb3 Ke7 50. b5 axb5+ 51. axb5 Ra8 52. b6 Kd7 53. Kd5 Rb8
54. c6+ Ke7 55. c7 Rd6+ 56. Kxe5 Ra8 57. c8=N+ Rxc8 58. Rxc8 f6+ 59. Kf5 1-0

[Event "Power Solutions Arctic Chess NGP 2026"]
[Site "UiT Campus Alta"]
[Date "2026.02.21"]
[Round "6"]
[White "Paranichev, Miron"]
[Black "Solskjær, Frode"]
[Result "1-0"]
[WhiteElo "1901"]
[BlackElo "1926"]
[PlyCount "67"]
[EventDate "2026.??.??"]

1. f4 Nf6 2. Nf3 g6 3. g3 Bg7 4. Bg2 d5 5. O-O O-O 6. d3 c6 7. Nc3 Nfd7 8. e4
dxe4 9. dxe4 e5 10. f5 gxf5 11. exf5 Nb6 12. Qe2 Bxf5 13. Nxe5 Bg6 14. Nxg6
hxg6 15. h4 Na6 16. h5 Qd4+ 17. Be3 Qe5 18. h6 Bh8 19. Qf3 Nc4 20. Bf4 Qc5+ 21.
Kh2 Ne5 22. Bxe5 Bxe5 23. Ne4 Qe7 24. Qg4 Rad8 25. Rae1 Qc7 26. c3 Nb8 27. Ng5
Rde8 28. Bh3 Re7 29. Re3 f5 30. Qc4+ Kh8 31. Ne6 Qc8 32. Rxe5 Rfe8 33. Re2 Rxe6
34. Qd4+ 1-0

[Event "Power Solutions Arctic Chess NGP 2026"]
[Site "UiT Campus Alta"]
[Date "2026.02.21"]
[Round "6"]
[White "Homtako, Thea A."]
[Black "Harila, Rune"]
[Result "1-0"]
[WhiteElo "1739"]
[BlackElo "1811"]
[PlyCount "87"]
[EventDate "2026.??.??"]

1. e4 c6 2. d4 d5 3. e5 c5 4. dxc5 e6 5. a3 Bxc5 6. Qg4 Ne7 7. Qxg7 Rg8 8. Qxh7
Nd7 9. Nf3 Nf8 10. Qd3 Qc7 11. b4 Bb6 12. Bb2 Nfg6 13. g3 Bd7 14. Bg2 a6 15. a4
Rc8 16. Bc3 Nf4 17. Qf1 Nxg2+ 18. Qxg2 d4 19. Nxd4 Bxd4 20. Bxd4 Qc4 21. c3 Nf5
22. Nd2 Qd3 23. Qe4 Rxc3 24. Bxc3 Qxc3 25. O-O Bc6 26. Qc4 Qxd2 27. Rfd1 Qh6
28. b5 Nxg3 29. fxg3 Qe3+ 30. Kf1 Bd5 31. Qc8+ Ke7 32. Qc7+ Kf8 33. Qd8+ Kg7
34. Qf6+ Kf8 35. Rac1 Qf3+ 36. Qxf3 Bxf3 37. Rd8+ Kg7 38. Rxg8+ Kxg8 39. bxa6
bxa6 40. a5 Bd5 41. Rb1 Kg7 42. Kf2 Kg6 43. Ke3 Kf5 44. Kd4 1-0

[Event "Power Solutions Arctic Chess NGP 2026"]
[Site "UiT Campus Alta"]
[Date "2026.02.21"]
[Round "6"]
[White "Johnsen, Kjell M."]
[Black "Gressli, Kristoffer"]
[Result "0-1"]
[WhiteElo "1930"]
[BlackElo "1894"]
[PlyCount "82"]
[EventDate "2026.??.??"]

1. d4 f5 2. Bg5 g6 3. e3 Bg7 4. Nc3 Nf6 5. h4 h6 6. Bf4 e6 7. Qd2 d6 8. O-O-O
Nc6 9. Bc4 Qe7 10. Bh2 Bd7 11. Nge2 g5 12. f3 O-O-O 13. Bg3 Rdf8 14. Bf2 d5 15.
Bb5 Nb4 16. Bxd7+ Nxd7 17. Kb1 Nb6 18. Nc1 Nc4 19. Qe2 b6 20. hxg5 hxg5 21.
Rxh8 Rxh8 22. e4 Qd7 23. Nb3 c5 24. dxc5 Bxc3 25. bxc3 Na3+ 26. Kb2 Nc4+ 27.
Qxc4 dxc4 28. Rxd7 Kxd7 29. cxb4 cxb3 30. cxb6 axb6 31. Kxb3 Kc6 32. exf5 exf5
33. g3 f4 34. gxf4 gxf4 35. a4 Rh3 36. b5+ Kb7 37. Bd4 Rxf3+ 38. Kb4 Rh3 39. c4
f3 40. a5 bxa5+ 41. Kxa5 Rh4 0-1

[Event "Power Solutions Arctic Chess NGP 2026"]
[Site "UiT Campus Alta"]
[Date "2026.02.21"]
[Round "6"]
[White "Aanes, Kjell"]
[Black "Noer, Andreas"]
[Result "1/2-1/2"]
[WhiteElo "1872"]
[BlackElo "1739"]
[PlyCount "78"]
[EventDate "2026.??.??"]

1. e4 Nf6 2. e5 Nd5 3. c4 Nb6 4. d4 d6 5. exd6 exd6 6. h3 Bf5 7. Be3 Be7 8. Nc3
O-O 9. Nf3 Bf6 10. Bd3 Bxd3 11. Qxd3 Nc6 12. O-O d5 13. cxd5 Nxd5 14. a3 a5 15.
Qb5 Nce7 16. Ne4 b6 17. Rac1 c6 18. Qd3 Rc8 19. Rfd1 Nf5 20. Nxf6+ Qxf6 21. Ne5
Nfxe3 22. fxe3 Qe6 23. Re1 f6 24. Nf3 Rfe8 25. e4 Nf4 26. Qd2 Qd6 27. Qc2 b5
28. e5 fxe5 29. dxe5 Qd3 30. Re4 Qxc2 31. Rxc2 Ne6 32. b4 axb4 33. axb4 c5 34.
bxc5 Rxc5 35. Rxc5 Nxc5 36. Rb4 Rb8 37. Nd4 Nd3 38. Rxb5 Rxb5 39. Nxb5 Nxe5
1/2-1/2

[Event "Power Solutions Arctic Chess NGP 2026"]
[Site "UiT Campus Alta"]
[Date "2026.02.21"]
[Round "6"]
[White "Mikalsen, Bengt A."]
[Black "Myren, Matias"]
[Result "0-1"]
[WhiteElo "1812"]
[BlackElo "1770"]
[PlyCount "118"]
[EventDate "2026.??.??"]

1. d4 d5 2. c4 c6 3. cxd5 cxd5 4. Nf3 Nf6 5. e3 Nc6 6. Bd3 Bg4 7. Nbd2 e6 8.
Qa4 Bxf3 9. Nxf3 Bd6 10. O-O O-O 11. Bd2 a6 12. b4 b5 13. Qb3 Qe7 14. a3 Rfc8
15. Rfc1 Nd7 16. e4 Nb6 17. e5 Nxd4 18. Nxd4 Bxe5 19. Be3 Qf6 20. Rxc8+ Rxc8
21. Rd1 Nc4 22. Nc2 Nb2 23. Rf1 Na4 24. Ne1 Bc3 25. Nf3 h6 26. Rc1 Rc4 27. Bxc4
dxc4 28. Qd1 Bb2 29. Bd4 Qf5 30. Bxb2 Nxb2 31. Qc2 Nd3 32. Rf1 Qg4 33. Ne1 Nf4
34. f3 Qg5 35. Kh1 Nd5 36. f4 Qf6 37. Qe4 Qc3 38. Qf3 Qd2 39. Qf2 Qc3 40. Qg3
Qd2 41. Qf3 c3 42. Qf2 Ne3 43. Nf3 Qxf2 44. Rxf2 c2 45. Rxc2 Nxc2 46. Ne5 Nxa3
47. g4 f6 48. Nd3 Nc4 49. Nc5 a5 50. bxa5 Nxa5 51. Nxe6 b4 52. Nc5 b3 53. Na4
Kf7 54. Nb2 Ke6 55. Kg2 Kd5 56. Kf3 Nc4 57. Nd1 b2 58. Nc3+ Kd4 59. Nb1 Kd3 0-1

[Event "Power Solutions Arctic Chess NGP 2026"]
[Site "UiT Campus Alta"]
[Date "2026.02.21"]
[Round "6"]
[White "Wilhelmsen, Jim L."]
[Black "Sjogren, Oddbjorn"]
[Result "1-0"]
[WhiteElo "1763"]
[BlackElo "1810"]
[PlyCount "38"]
[EventDate "2026.??.??"]

1. d4 d5 2. Nf3 Bf5 3. Bf4 e6 4. e3 c5 5. Nbd2 c4 6. Be2 Nf6 7. Ne5 Qb6 8. O-O
Qxb2 9. Rb1 Qxa2 10. Rxb7 Qxc2 11. Qxc2 Bxc2 12. Nxf7 Rg8 13. Bxb8 Rxb8 14.
Rxb8+ Kxf7 15. Ra1 Be7 16. Rxg8 Kxg8 17. Rxa7 Bb4 18. Nf3 Bc3 19. Ng5 Bf5 1-0

[Event "Power Solutions Arctic Chess NGP 2026"]
[Site "UiT Campus Alta"]
[Date "2026.02.22"]
[Round "7"]
[White "Williams, Simon K."]
[Black "Urkedal, Frode O. O"]
[Result "1/2-1/2"]
[WhiteElo "2432"]
[BlackElo "2569"]
[PlyCount "59"]
[EventDate "2026.??.??"]

1. e4 e5 2. f4 exf4 3. Bc4 Qh4+ 4. Kf1 d6 5. d4 Be6 6. Qd3 Nd7 7. Nc3 O-O-O 8.
a4 Ne7 9. a5 Qf6 10. Ra4 Bxc4 11. Qxc4 a6 12. b4 Qe6 13. d5 Ne5 14. Qd4 Qf6 15.
b5 Ng4 16. Qd3 Ne5 17. Qh3+ Rd7 18. bxa6 bxa6 19. Rb4 g5 20. Nce2 f3 21. Nxf3
g4 22. Qh4 Qxh4 23. Nxh4 Bg7 24. Bg5 f6 25. Be3 c5 26. dxc6 N5xc6 27. Rb6 Rb7
28. Kf2 Rxb6 29. Bxb6 f5 30. Nxf5 1/2-1/2

[Event "Power Solutions Arctic Chess NGP 2026"]
[Site "UiT Campus Alta"]
[Date "2026.02.22"]
[Round "7"]
[White "Kreken, Eivind G."]
[Black "Kaasen, Tor F."]
[Result "0-1"]
[WhiteElo "2347"]
[BlackElo "2476"]
[PlyCount "88"]
[EventDate "2026.??.??"]

1. d4 d5 2. c4 c6 3. Nf3 Nf6 4. Qc2 dxc4 5. Qxc4 Bf5 6. g3 e6 7. Bg2 Be7 8. O-O
O-O 9. e3 Nbd7 10. Qe2 Rc8 11. Nc3 Bg6 12. h3 Ne4 13. Ne1 Nxc3 14. bxc3 Qa5 15.
Bd2 e5 16. e4 f6 17. f4 Qb5 18. Qxb5 cxb5 19. Nd3 Rfd8 20. fxe5 Nxe5 21. Nf4
Bf7 22. Rf2 Nc4 23. Be1 Nb6 24. Kh2 Rc7 25. e5 fxe5 26. dxe5 Bc4 27. Bf1 Rc6
28. Bg2 Rc5 29. Bxb7 Rxe5 30. h4 Bf6 31. Bf3 Re7 32. Kg2 g6 33. Be2 Kg7 34. Rb1
a6 35. Kf1 Bf7 36. h5 g5 37. h6+ Kxh6 38. Nd3 Kg7 39. Nc5 Ra7 40. Ne4 Be7 41.
Ra1 Bg6 42. Bf3 Rd3 43. Ke2 Rad7 44. Bd2 Bxe4 0-1

[Event "Power Solutions Arctic Chess NGP 2026"]
[Site "UiT Campus Alta"]
[Date "2026.02.22"]
[Round "7"]
[White "Hansen, Torbjørn R."]
[Black "Foreest, Machteld V."]
[Result "0-1"]
[WhiteElo "2407"]
[BlackElo "2320"]
[PlyCount "94"]
[EventDate "2026.??.??"]

1. e4 c5 2. Nf3 e6 3. d4 cxd4 4. Nxd4 Nf6 5. Nc3 Nc6 6. Ndb5 Bc5 7. Nd6+ Ke7 8.
Bf4 e5 9. Nf5+ Kf8 10. Bg5 d6 11. Ne3 h6 12. Bxf6 Qxf6 13. Bc4 Kg8 14. O-O Kh7
15. Ncd5 Qg6 16. c3 Be6 17. Qe2 Rhf8 18. Nf5 a5 19. Rad1 Kh8 20. Rd3 Bxf5 21.
Rg3 Qh7 22. exf5 Qxf5 23. Ne3 Qd7 24. Qh5 f5 25. Rg6 Kh7 26. g4 Ne7 27. gxf5
Nxg6 28. fxg6+ Kh8 29. Bf7 Bxe3 30. fxe3 Qe7 31. e4 b5 32. Rf3 b4 33. c4 Qa7+
34. Rf2 Qd4 35. Qe2 a4 36. Kg2 Rac8 37. Kg3 Rc7 38. Bd5 Rf6 39. Rxf6 gxf6 40.
h4 Qg1+ 41. Qg2 Qxg2+ 42. Kxg2 h5 43. Kf3 Kg7 44. Bf7 a3 45. b3 Rxf7 46. gxf7
Kxf7 47. Ke3 Ke6 0-1

[Event "Power Solutions Arctic Chess NGP 2026"]
[Site "UiT Campus Alta"]
[Date "2026.02.22"]
[Round "7"]
[White "Borsos, Bogdan"]
[Black "Vestby-Ellingsen, Mads"]
[Result "0-1"]
[WhiteElo "2084"]
[BlackElo "2386"]
[PlyCount "51"]
[EventDate "2026.??.??"]

1. c4 e6 2. e4 c5 3. Ne2 Nc6 4. Nbc3 Nf6 5. a3 d5 6. d3 d4 7. Nb1 e5 8. g3 Bd6
9. Bg2 a6 10. O-O b5 11. b3 O-O 12. h3 Rb8 13. f4 Na5 14. Nd2 Bd7 15. fxe5 Bxe5
16. Nf3 Bc7 17. b4 cxb4 18. axb4 Nc6 19. cxb5 axb5 20. Bd2 Qe7 21. Qc2 Bd6 22.
Nfxd4 Nxd4 23. Nxd4 Bxg3 24. Ne2 Rbc8 25. Qb2 Bb8 26. Nf4 0-1

[Event "Power Solutions Arctic Chess NGP 2026"]
[Site "UiT Campus Alta"]
[Date "2026.02.22"]
[Round "7"]
[White "Skaar, Ben S. G."]
[Black "Grave, Jacob T."]
[Result "0-1"]
[WhiteElo "2152"]
[BlackElo "2382"]
[PlyCount "106"]
[EventDate "2026.??.??"]

1. e4 c6 2. Nc3 d5 3. Nf3 Bg4 4. d4 Nf6 5. Bd3 e6 6. O-O Be7 7. Bf4 O-O 8. h3
dxe4 9. Nxe4 Bh5 10. Nxf6+ Bxf6 11. c3 Nd7 12. Re1 Re8 13. g4 Bg6 14. Bxg6 hxg6
15. Qb3 Qb6 16. Kg2 Qxb3 17. axb3 c5 18. Be5 a6 19. Rad1 cxd4 20. Rxd4 Nc5 21.
b4 Na4 22. Re2 Red8 23. c4 Rxd4 24. Bxd4 Bxd4 25. Nxd4 Rd8 26. Nb3 Rd3 27. Na5
b6 28. Nc6 Rb3 29. Rd2 Nxb2 30. Rd8+ Kh7 31. Ra8 g5 32. Rxa6 Nxc4 33. Ra7 Kg6
34. Ne7+ Kh6 35. Nc6 Kg6 36. Ne7+ Kf6 37. Ng8+ Ke5 38. Rxf7 Nd6 39. Rxg7 Ne4
40. Rf7 Rxb4 41. Ne7 Rb2 42. h4 gxh4 43. Ng6+ Kd6 44. Nxh4 b5 45. Rf4 Kd5 46.
Ng6 b4 47. Ne7+ Ke5 48. Rf3 Kd6 49. Rf4 Rxf2+ 50. Rxf2 Nxf2 51. Nc8+ Kc7 52.
Na7 Kb6 53. Kxf2 b3 0-1

[Event "Power Solutions Arctic Chess NGP 2026"]
[Site "UiT Campus Alta"]
[Date "2026.02.22"]
[Round "7"]
[White "Nielsen, André Z."]
[Black "Lund, Gunnar"]
[Result "1/2-1/2"]
[WhiteElo "2301"]
[BlackElo "2314"]
[PlyCount "105"]
[EventDate "2026.??.??"]

1. e4 c5 2. Nf3 d6 3. d4 cxd4 4. Nxd4 Nf6 5. Nc3 g6 6. Be3 Bg7 7. f3 a6 8. Qd2
h5 9. Be2 Nbd7 10. O-O O-O 11. h3 Re8 12. Kh1 b6 13. Nd5 Bb7 14. c4 e6 15.
Nxf6+ Nxf6 16. Rfd1 d5 17. e5 Nd7 18. f4 Nc5 19. Qe1 Qe7 20. Nb3 Na4 21. cxd5
Bxd5 22. Rd4 b5 23. Rd2 Rac8 24. Qf2 Qb7 25. Rad1 Qb8 26. Bf3 Bxf3 27. Qxf3 Nb6
28. Rd6 Nc4 29. Rxa6 Nxb2 30. Rd7 Rc7 31. Rxc7 Qxc7 32. Ra7 Qc8 33. Nd4 Nc4 34.
Nxb5 Nxe3 35. Qxe3 Qc2 36. Nd6 Rf8 37. a4 Bh6 38. Ne4 Rd8 39. Kh2 Qd1 40. Ng5
Bxg5 41. fxg5 Qf1 42. Qf3 Qxf3 43. gxf3 h4 44. a5 Rd2+ 45. Kg1 Re2 46. Ra8+ Kg7
47. a6 Rxe5 48. f4 Ra5 49. Kg2 e5 50. a7 exf4 51. Kf3 Ra4 52. Kg4 f3+ 53. Kxf3
1/2-1/2

[Event "Power Solutions Arctic Chess NGP 2026"]
[Site "UiT Campus Alta"]
[Date "2026.02.22"]
[Round "7"]
[White "Roover, Nikolay J. D."]
[Black "Hunt, Harriet V."]
[Result "0-1"]
[WhiteElo "1966"]
[BlackElo "2289"]
[PlyCount "124"]
[EventDate "2026.??.??"]

1. Nf3 d5 2. c4 d4 3. d3 Nc6 4. Bf4 f6 5. e4 e5 6. Bc1 a5 7. Nbd2 Nge7 8. Be2
Ng6 9. a3 a4 10. Nf1 Bd6 11. Ng3 O-O 12. O-O Nf4 13. Nh4 Nxe2+ 14. Qxe2 g6 15.
Bh6 Rf7 16. Rae1 Bd7 17. Nf3 Qe7 18. Nd2 Kh8 19. f4 exf4 20. Bxf4 Ne5 21. Bxe5
Bxe5 22. Nf3 Bd6 23. Qf2 c5 24. e5 fxe5 25. Qd2 Raf8 26. Ne4 Kg7 27. Qe2 Bc7
28. h3 Bc6 29. Rf2 Rf4 30. g3 R4f5 31. Ref1 h6 32. Kh2 b6 33. Kg1 Bb8 34. Nfd2
Rxf2 35. Rxf2 Rxf2 36. Qxf2 Qe6 37. Kh2 Qf5 38. Kg1 Bc7 39. Kh2 Bd8 40. h4 Bd7
41. Qg2 Bc6 42. Qf2 Be7 43. Kg2 Qxf2+ 44. Kxf2 g5 45. hxg5 Bxg5 46. Nxg5 hxg5
47. Nf3 Kf6 48. Nd2 Kf5 49. b3 axb3 50. Nxb3 e4 51. dxe4+ Kxe4 52. Ke2 d3+ 53.
Kd2 Ba4 54. Nc1 Bc2 55. Na2 Kd4 56. Nc3 Kxc4 57. Ne4 g4 58. Nf6 Kb3 59. Nxg4 c4
60. Ne3 c3+ 61. Ke1 d2+ 62. Ke2 d1=Q+ 0-1

[Event "Power Solutions Arctic Chess NGP 2026"]
[Site "UiT Campus Alta"]
[Date "2026.02.22"]
[Round "7"]
[White "Bruaset, Eivind"]
[Black "Bashylina, Luisa"]
[Result "1-0"]
[WhiteElo "2215"]
[BlackElo "2145"]
[PlyCount "85"]
[EventDate "2026.??.??"]

1. e4 e5 2. Nf3 Nc6 3. d4 exd4 4. Nxd4 Bb4+ 5. c3 Bc5 6. Be3 Bb6 7. Nf5 g6 8.
Bxb6 axb6 9. Ne3 Nf6 10. f3 d6 11. c4 Nh5 12. g3 f5 13. exf5 Qe7 14. Qd2 Bxf5
15. Nc3 Nf6 16. Bg2 O-O-O 17. O-O-O Bd7 18. Rhe1 Qf7 19. f4 Rhe8 20. Ned5 Nxd5
21. Nxd5 Bf5 22. Qc3 h6 23. Bf3 Rxe1 24. Rxe1 Re8 25. Rxe8+ Qxe8 26. Kd2 Qf8
27. b3 g5 28. fxg5 Ne5 29. Qe3 hxg5 30. Be2 Qd8 31. Qf2 Bb1 32. Qf6 Bxa2 33.
Qxd8+ Kxd8 34. Kc2 c6 35. Nc3 Bxb3+ 36. Kxb3 b5 37. cxb5 cxb5 38. Ne4 Nf7 39.
Bh5 d5 40. Bxf7 dxe4 41. Bd5 e3 42. Kc3 b4+ 43. Kd3 1-0

[Event "Power Solutions Arctic Chess NGP 2026"]
[Site "UiT Campus Alta"]
[Date "2026.02.22"]
[Round "7"]
[White "Austad, Eirik S."]
[Black "Rustan, Elias B."]
[Result "0-1"]
[WhiteElo "2155"]
[BlackElo "1986"]
[PlyCount "98"]
[EventDate "2026.??.??"]

1. Nf3 d5 2. d4 e6 3. e3 Nf6 4. Nbd2 c5 5. b3 Nc6 6. Bb2 Be7 7. Bd3 a6 8. O-O
b5 9. c4 bxc4 10. bxc4 cxd4 11. Nxd4 Nxd4 12. Bxd4 O-O 13. Qc2 h6 14. Rab1 a5
15. Bb6 Qd7 16. c5 Ba6 17. Bxa6 Rxa6 18. Nf3 Rc8 19. Rfc1 Qe8 20. Nd4 Nd7 21.
Qd3 Raa8 22. c6 Ne5 23. Qb5 Nc4 24. Rxc4 dxc4 25. Qxc4 Rab8 26. Rb3 e5 27. c7
Rxb6 28. Rxb6 exd4 29. exd4 Qd7 30. Rb7 Bd6 31. g3 Rxc7 32. Rb8+ Kh7 33. Qd3+
g6 34. Rb1 Be5 35. Rd1 Bf6 36. d5 Qd6 37. h4 h5 38. Qe4 Qe5 39. Qa4 Rc5 40. Qd7
Kg7 41. Qb7 Qe4 42. Qb3 a4 43. Qa3 Rc3 44. Qd6 Bxh4 45. Qb6 Bxg3 46. Qd4+ Qxd4
47. Rxd4 Bd6 48. Rxa4 Rd3 49. Ra5 Ra3 0-1

[Event "Power Solutions Arctic Chess NGP 2026"]
[Site "UiT Campus Alta"]
[Date "2026.02.22"]
[Round "7"]
[White "Verbin, Valentina"]
[Black "Valvåg, Torbjørn"]
[Result "1-0"]
[WhiteElo "2140"]
[BlackElo "2082"]
[PlyCount "59"]
[EventDate "2026.??.??"]

1. d4 d5 2. c4 c6 3. cxd5 cxd5 4. Bf4 Nc6 5. e3 Nf6 6. Nc3 a6 7. Be2 Bf5 8. Nf3
e6 9. Qb3 Bd6 10. Bxd6 Qxd6 11. Qxb7 O-O 12. Qb3 Rfb8 13. Qa3 Nb4 14. O-O Qc7
15. Rac1 Nc2 16. Qc5 Qxc5 17. dxc5 Rxb2 18. c6 Ne8 19. Nh4 Nb4 20. Nxf5 exf5
21. Bf3 Nxa2 22. Nxa2 Rxa2 23. Rfd1 Rc8 24. Rxd5 g6 25. g3 Kf8 26. Rd7 Nf6 27.
Rd4 Ke7 28. Rb4 Ra5 29. c7 Kd7 30. Rd4+ 1-0

[Event "Power Solutions Arctic Chess NGP 2026"]
[Site "UiT Campus Alta"]
[Date "2026.02.22"]
[Round "7"]
[White "Røyset, Pål"]
[Black "Houska, Jovanka"]
[Result "0-1"]
[WhiteElo "2084"]
[BlackElo "2314"]
[PlyCount "126"]
[EventDate "2026.??.??"]

1. e4 c6 2. d4 d5 3. exd5 cxd5 4. Bd3 Nc6 5. c3 Qc7 6. Ne2 Bg4 7. O-O Bh5 8.
Na3 a6 9. Qa4 e6 10. Bf4 Qd7 11. b4 Bg6 12. Bxg6 hxg6 13. Rab1 Na7 14. Qb3 Nb5
15. Nc2 Nf6 16. Ne3 Ne4 17. Rbd1 Bd6 18. Bxd6 Nbxd6 19. f3 Nf6 20. Nf4 Rc8 21.
g3 Qc7 22. Rc1 O-O 23. Nd3 b6 24. Ne5 Nd7 25. Nxd7 Qxd7 26. a4 Nc4 27. Rfe1
Nxe3 28. Rxe3 Rc4 29. Ra1 Rfc8 30. a5 b5 31. Rd1 g5 32. Rdd3 f6 33. Kg2 Kf7 34.
Qd1 Rh8 35. Qe2 Rc6 36. Kg1 Qd6 37. Qe1 Rhc8 38. Kg2 Rc4 39. Qd2 R8c6 40. Qe1
Qc7 41. Kg1 g6 42. Kg2 f5 43. Kh3 Kf6 44. Kg2 Kf7 45. Kh3 Qc8 46. Kg2 f4 47.
gxf4 gxf4 48. Re5 Qh8 49. h4 Qf6 50. Rg5 Ke7 51. Kh3 Rc8 52. Rg4 Rh8 53. Kg2
Rh5 54. Rd2 Rxc3 55. Re2 Rc6 56. Re5 Kf7 57. Qd2 Rxh4 58. Reg5 Rxg4+ 59. Rxg4
g5 60. Kh3 Qh6+ 61. Kg2 Qg6 62. Qe1 Rc2+ 63. Kg1 Rb2 0-1

[Event "Power Solutions Arctic Chess NGP 2026"]
[Site "UiT Campus Alta"]
[Date "2026.02.22"]
[Round "7"]
[White "Aamodt, Peder M."]
[Black "Sivaparan, Isai"]
[Result "1/2-1/2"]
[WhiteElo "2189"]
[BlackElo "1983"]
[PlyCount "72"]
[EventDate "2026.??.??"]

1. d4 Nf6 2. c4 e6 3. Nc3 Bb4 4. e3 O-O 5. Bd3 c5 6. a3 Bxc3+ 7. bxc3 Nc6 8.
Ne2 b6 9. e4 Ne8 10. Be3 Ba6 11. Ng3 Na5 12. Qe2 Rc8 13. d5 Qh4 14. Nh5 Bxc4
15. Bxc4 Nxc4 16. Qxc4 Qxh5 17. dxe6 dxe6 18. Rd1 Nf6 19. f3 Rfd8 20. O-O Qe5
21. a4 h6 22. g3 Qc7 23. Bf4 e5 24. Be3 Rxd1 25. Rxd1 Rd8 26. Rb1 Qd7 27. a5
Qd3 28. Qxd3 Rxd3 29. axb6 axb6 30. Kf2 Nd7 31. Rb3 Kf8 32. Ke2 Rd6 33. f4 Ke7
34. Ra3 b5 35. fxe5 Rb6 36. Ra7 Ke6 1/2-1/2

[Event "Power Solutions Arctic Chess NGP 2026"]
[Site "UiT Campus Alta"]
[Date "2026.02.22"]
[Round "7"]
[White "Hagesather, Ellen"]
[Black "Paranichev, Miron"]
[Result "1-0"]
[WhiteElo "2145"]
[BlackElo "1901"]
[PlyCount "125"]
[EventDate "2026.??.??"]

1. Nf3 d5 2. g3 Nf6 3. Bg2 c6 4. O-O Bg4 5. b3 Bxf3 6. Bxf3 g6 7. d4 Bg7 8. c4
O-O 9. Nc3 Re8 10. Bb2 Na6 11. Qd2 dxc4 12. bxc4 e5 13. d5 e4 14. Bg2 cxd5 15.
Nxd5 Nxd5 16. Bxg7 Kxg7 17. cxd5 b6 18. h4 Qd6 19. h5 f5 20. f3 Qxg3 21. h6+
Kg8 22. d6 exf3 23. Qd5+ Kf8 24. Rxf3 Qe5 25. Qxe5 Rxe5 26. Ra3 Rd8 27. Rxa6
Rxd6 28. Rxa7 Rxe2 29. Rc1 Re7 30. Rc8+ Kf7 31. Rh8 Rxa7 32. Rxh7+ Kg8 33. Rxa7
g5 34. Rg7+ Kf8 35. Rxg5 Rxh6 36. Rxf5+ Ke7 37. Rd5 Rf6 38. Rd3 Rf4 39. Bf3 Rb4
40. Bd1 Rf4 41. Bb3 Rf6 42. Kg2 Rf4 43. Kg3 Rf6 44. Kg4 Rf2 45. Kg5 Rf8 46. Rd5
Rc8 47. Kf5 Rh8 48. Ke4 Rh4+ 49. Kd3 Rf4 50. Kc3 Rh4 51. Bc4 Rh1 52. Kb4 Rh6
53. Kb5 Rf6 54. Ka6 Rh6 55. Kb7 Rh4 56. Bb5 Rh6 57. a4 Rf6 58. Bc6 Rf2 59. Kxb6
Ke6 60. Rd1 Ke7 61. a5 Rb2+ 62. Bb5 Ra2 63. a6 1-0

[Event "Power Solutions Arctic Chess NGP 2026"]
[Site "UiT Campus Alta"]
[Date "2026.02.22"]
[Round "7"]
[White "Heier, Odin N."]
[Black "Hammari, Vinjar"]
[Result "0-1"]
[WhiteElo "2007"]
[BlackElo "2101"]
[PlyCount "100"]
[EventDate "2026.??.??"]

1. d4 d5 2. Bf4 c5 3. e3 Nc6 4. c3 Qb6 5. Qc2 Nf6 6. Nd2 g6 7. Ngf3 Bg7 8. Bd3
c4 9. Be2 Nh5 10. Bg3 Bf5 11. Qc1 Nxg3 12. hxg3 e5 13. dxe5 Nxe5 14. Nxe5 Bxe5
15. O-O O-O 16. Nf3 Bf6 17. Rd1 Rfd8 18. Nd4 Bd7 19. Bf3 Bc6 20. Rd2 a5 21. Qc2
Kg7 22. Rad1 Rd7 23. Ne2 Rad8 24. Nf4 Qc5 25. a3 Be5 26. Bg4 Rd6 27. Bf3 b5 28.
Ne2 b4 29. axb4 axb4 30. Ra1 Rb8 31. Nd4 Bd7 32. Qd1 bxc3 33. bxc3 Rdb6 34.
Bxd5 h5 35. Qf3 Qe7 36. Qe2 Bg4 37. f3 Rb1+ 38. Rd1 R8b2 39. Raxb1 Rxe2 40.
Nxe2 Bc8 41. Bxc4 h4 42. g4 Qc5 43. Bd3 Qxe3+ 44. Kh1 h3 45. gxh3 Qxf3+ 46. Kg1
Qxh3 47. Kf2 Bxg4 48. Ke1 Qe3 49. Rd2 Bxc3 50. Rbd1 Qxd3 0-1

[Event "Power Solutions Arctic Chess NGP 2026"]
[Site "UiT Campus Alta"]
[Date "2026.02.22"]
[Round "7"]
[White "Solbakken, Mikkel D."]
[Black "Jessen, Simon P."]
[Result "1/2-1/2"]
[WhiteElo "1934"]
[BlackElo "2059"]
[PlyCount "113"]
[EventDate "2026.??.??"]

1. e4 c6 2. Nf3 d5 3. d3 e6 4. g3 Nf6 5. Qe2 Be7 6. Bg2 O-O 7. O-O c5 8. e5
Nfd7 9. c4 dxc4 10. dxc4 Nc6 11. Rd1 Qc7 12. Bf4 h6 13. h4 Qb6 14. Nc3 f6 15.
exf6 Nxf6 16. Ne5 Nd4 17. Qd3 Qxb2 18. Rac1 Bd6 19. Qg6 Bxe5 20. Bxe5 Ne2+ 21.
Nxe2 Qxe5 22. Nf4 Qf5 23. Rd2 Bd7 24. Bxb7 Rab8 25. Bg2 Ba4 26. Bh3 Qxg6 27.
Nxg6 Rfe8 28. Rd6 Rb6 29. Rxb6 axb6 30. Ne5 Rd8 31. Bxe6+ Kf8 32. Re1 Rd1 33.
Kf1 Rxe1+ 34. Kxe1 Ke7 35. Bf5 Ne8 36. Ng4 Nd6 37. Bd3 Ke6 38. Kd2 Be8 39. Nh2
Bf7 40. Nf3 Kf6 41. Kc3 g5 42. hxg5+ hxg5 43. Nd2 Ke5 44. Nf3+ Kf6 45. Nh2 Be6
46. f3 b5 47. cxb5 Bxa2 48. b6 Bd5 49. Ng4+ Ke6 50. f4 gxf4 51. gxf4 Nc8 52.
f5+ Ke7 53. Ne3 Nxb6 54. Nxd5+ Nxd5+ 55. Kc4 Ne3+ 56. Kxc5 Nxf5 57. Bxf5
1/2-1/2

[Event "Power Solutions Arctic Chess NGP 2026"]
[Site "UiT Campus Alta"]
[Date "2026.02.22"]
[Round "7"]
[White "Hagesather, Arne"]
[Black "Homtako, Thea A."]
[Result "1-0"]
[WhiteElo "2016"]
[BlackElo "1739"]
[PlyCount "62"]
[EventDate "2026.??.??"]

1. d4 Nf6 2. Nf3 g6 3. Bg5 Bg7 4. Nbd2 d6 5. e4 O-O 6. Bd3 c6 7. O-O b5 8. a4
b4 9. Qe2 a5 10. e5 dxe5 11. dxe5 Nd5 12. Nc4 f6 13. Bd2 f5 14. Rfd1 Qc7 15.
Nd4 Na6 16. Nb3 Nb8 17. c3 bxc3 18. bxc3 Nd7 19. f4 Kh8 20. Qf2 Bb7 21. Nd4 Nc5
22. Bc2 Ba6 23. Nxf5 Bxc4 24. Qxc5 Qa7 25. Qxa7 Rxa7 26. Nxg7 Nxf4 27. Bxf4
Rxf4 28. Ne8 Rf8 29. Rd8 Kg8 30. Rb1 Kf7 31. Rbb8 Ke6 1-0

[Event "Power Solutions Arctic Chess NGP 2026"]
[Site "UiT Campus Alta"]
[Date "2026.02.22"]
[Round "7"]
[White "Brasøy, Aksel"]
[Black "Solbu, Lasse T."]
[Result "1/2-1/2"]
[WhiteElo "1952"]
[BlackElo "1958"]
[PlyCount "74"]
[EventDate "2026.??.??"]

1. d4 e6 2. Nf3 f5 3. Bf4 Nf6 4. e3 b6 5. Nbd2 Bb7 6. h3 Bd6 7. Bxd6 cxd6 8.
Bd3 O-O 9. g4 g6 10. gxf5 gxf5 11. Rg1+ Kh8 12. Qe2 Nc6 13. c3 d5 14. O-O-O Qe7
15. Ne5 Rg8 16. f3 Rxg1 17. Rxg1 Rg8 18. Rxg8+ Kxg8 19. Qh2 d6 20. Nxc6 Bxc6
21. Qg3+ Kf8 22. b3 Nh5 23. Qh2 f4 24. exf4 Qh4 25. Kd1 Nxf4 26. Bxh7 Bd7 27.
Bc2 e5 28. dxe5 dxe5 29. Nf1 Qxh3 30. Qxh3 Bxh3 31. Nd2 Ke7 32. Ke1 Ke6 33. Kf2
Bf5 34. Bxf5+ Kxf5 35. Ke3 Ng2+ 36. Kf2 Nf4 37. Ke3 Ng2+ 1/2-1/2